LEADER 01321nam a2200325 a 4500 001 000000123571 003 CaOOAMICUS 005 20101028093650.0 008 101028t2009 it u000 u ita r 020 $a978-88-6081-561-3 040 $aPUL$bita 082 04$a234.23 245 02$aL'io e l'infinito /$cL. Amicone, ... [et al.] ; prefazione di don Stefano Alberto. 260 $aRoma :$bArmando,$c©2009. 300 $a109 p. ;$c22 cm 490 1 $aVivere il reale 500 $aSulla cop. Associazione culturale Paola Bernabei onlus. 650 4$aEsistenzialismo.$0(OLS)http://pul/subject/1923 650 4$aUomo (filosofia)$xStudi.$0(OLS)http://pul/subject/15994 700 1 $aAmicone, Luigi.$0(OLS)http://pul/name/77844 700 1 $aAlberto, Stefano,$csac.$0(OLS)http://pul/name/77845 830 0$aVivere il reale.$0(OLS)http://pul/title/155732 850 $aPUL 852 $aPUL$W1$xDP2 Religione 3$y114$m234. 23 AMILU 1$j142241$qDDC 21$B141221$CPULBib$Z2$F141221 $H115111 $82 941 1 $a9 996 $6020$a978-88-6081-561-3$9(OLS)http://pul/number/145755 996 $6082$a234.23$9(OLS)http://pul/classification/1708 996 $6245$aL'io e l'infinito$9(OLS)http://pul/title/155731 996 $6260$aRoma :$bArmando$9(OLS)http://pul/publisher/55055 LEADER 02139nam a2200397 u 4500 001 000000110787 003 CaOOAMICUS 005 20080328093336.0 008 080328s2007 it u100 u ita u 020 $z978-88-465-0606-1* 040 $aPUL$bita$dBc 100 1 $aCampisi, Roberto.$0(OLS)http://pul/name/67947 245 12$aI motivi di reiezione del libello :$bprassi dei tribunali ecclesiastici regionali italiani e giurisprudenza della rota romana /$cCampisi Roberto ; prefazione di Rafael Rodríguez-Ocaña. 260 $aCittà del Vaticano :$bLateran University Press,$c2007. 300 $a210 p. ;$c21 cm. 490 1 $aCorona Lateranensis ;$v33 500 $aIn testa al front.: Pontificia Universitas Lateranenseis, Institutum Untriusque Iuris, Theses ad Doctoratum in Utroque Iure Assequendum 504 $aInclude indice e bibliografia in nota. 610 24$aTribunale della rota romana.$0(OLS)http://pul/subject/41986 650 4$aDiritto canonico$xStudi.$0(OLS)http://pul/subject/689 650 4$aTribunali ecclesiastici.$0(OLS)http://pul/subject/2672 650 4$aMatrimonio (diritto canonico)$xNullità.$0(OLS)http://pul/subject/5787 700 1 $aRodriguez-Ocaña, Rafael.$0(OLS)http://pul/name/27851 830 0$aCorona Lateranensis ;$v33.$0(OLS)http://pul/title/684 850 $aPUL 852 $aPUL$W1$xSL Religione 2$y84$mTheol A5b 33$j126957$qStampati Altre Collocazioni$B125666$CPULBib$Z2$F125666 $H106833 $82 852 $aPUL$W1$xDP1 Tesi Pon Univ. Lateranense$y41$m2008 E 2$j128403$ac. 2$qTesi$B127271$CPULBib$Z2$F127271 $82 941 1 $a10 941 1 $a16 960 $aRomana Rota$941986 960 $aSacra romana rota$941986 960 $aRota romana$941986 960 $aRotae romanae tribunal$941986 996 $6020$z978-88-465-0606-1*$9(OLS)http://pul/number/137606 996 $6245$aI motivi di reiezione del libello :$bprassi dei tribunali ecclesiastici regionali italiani e giurisprudenza della rota romana$9(OLS)http://pul/title/139319 996 $6260$aCittà del Vaticano :$bLateran University Press$9(OLS)http://pul/publisher/74585